Faculty of Law Library — Cairo University

Official Online Catalog

Yearbook of International Environmental Law (Vol. 5, 1994) / (Record no. 70535)

MARC details
000 -LEADER
fixed length control field 02504cas a2200685 i 4500
001 - CONTROL NUMBER
control field 11407915
003 - CONTROL NUMBER IDENTIFIER
control field EG-GICUC
005 - DATE AND TIME OF LATEST TRANSACTION
control field 20260413150145.0
008 - FIXED-LENGTH DATA ELEMENTS--GENERAL INFORMATION
fixed length control field 260413s19959999enkar go 0 0eng c
015 ## - NATIONAL BIBLIOGRAPHY NUMBER
National bibliography number GB9121390
Source bnb
016 7# - NATIONAL BIBLIOGRAPHIC AGENCY CONTROL NUMBER
Record control number 007234023
Source Uk
022 ## - INTERNATIONAL STANDARD SERIAL NUMBER
International Standard Serial Number 0965-1721
040 ## - CATALOGING SOURCE
Original cataloging agency VLL
Language of cataloging eng
Transcribing agency EG-GICUC
Modifying agency EG-GICUC
Description conventions rda
043 ## - GEOGRAPHIC AREA CODE
Geographic area code enk#
082 ## - DEWEY DECIMAL CLASSIFICATION NUMBER
Classification number 341.762
Edition number 21
Item number H A . Y
092 04 - LOCALLY ASSIGNED DEWEY CALL NUMBER (OCLC)
Edition number 21
099 ## - LOCAL FREE-TEXT CALL NUMBER (OCLC)
Classification number Law1 11 341.762 H A . Y 1995
100 10 - MAIN ENTRY--PERSONAL NAME
Personal name Handl, Gunther
Relator term Author.
245 10 - TITLE STATEMENT
Title Yearbook of International Environmental Law (Vol. 5, 1994) /
Statement of responsibility, etc. Edited by Gunther Handl.
Number of part/section of a work Volume 5
264 ## - PRODUCTION, PUBLICATION, DISTRIBUTION, MANUFACTURE, AND COPYRIGHT NOTICE
Place of production, publication, distribution, manufacture Oxford :
Name of producer, publisher, distributor, manufacturer Clarendon Press,
Date of production, publication, distribution, manufacture, or copyright notice 1995.
300 ## - PHYSICAL DESCRIPTION
Extent volumes ;
Dimensions 27 cm
Other physical details illustrations,
310 ## - CURRENT PUBLICATION FREQUENCY
Current publication frequency Annual
336 ## - CONTENT TYPE
Content type term text
Content type code txt
Source rdacontent
337 ## - MEDIA TYPE
Media type term unmediated
Media type code n
Source rdamedia
338 ## - CARRIER TYPE
Carrier type term volume
Carrier type code nc
Source rdacarrier
362 1# - DATES OF PUBLICATION AND/OR SEQUENTIAL DESIGNATION
Dates of publication and/or sequential designation Began with v. 1 (1990).
500 ## - GENERAL NOTE
General note Editor-in-chief: 1990- Günther Handl.
504 ## - BIBLIOGRAPHY, ETC. NOTE
Bibliography, etc. note Bibliography: pages 200-250.
588 ## - SOURCE OF DESCRIPTION NOTE
Source of description note Description based on: Vol. 2 (1991).
588 ## - SOURCE OF DESCRIPTION NOTE
Source of description note Latest issue consulted: Vol. 15 (2004).
590 ## - LOCAL NOTE (RLIN)
Local note
650 #0 - SUBJECT ADDED ENTRY--TOPICAL TERM
Topical term or geographic name entry element Environmental law, International
Form subdivision Periodicals.
Source of heading or term qrmak
650 #0 - SUBJECT ADDED ENTRY--TOPICAL TERM
Topical term or geographic name entry element Environmental law
Form subdivision Periodicals.
Source of heading or term qrmak
650 #6 - SUBJECT ADDED ENTRY--TOPICAL TERM
Topical term or geographic name entry element Environnement
General subdivision Droit
Form subdivision Périodiques.
Source of heading or term qrmak
650 #6 - SUBJECT ADDED ENTRY--TOPICAL TERM
Topical term or geographic name entry element Environnement
General subdivision Droit international
Form subdivision Périodiques.
Source of heading or term qrmak
650 #7 - SUBJECT ADDED ENTRY--TOPICAL TERM
Topical term or geographic name entry element Annuaires.
Source of heading or term eclas
650 #7 - SUBJECT ADDED ENTRY--TOPICAL TERM
Topical term or geographic name entry element Droit de l'environnement.
Source of heading or term eclas
650 #7 - SUBJECT ADDED ENTRY--TOPICAL TERM
Topical term or geographic name entry element Droit international.
Source of heading or term eclas
650 #7 - SUBJECT ADDED ENTRY--TOPICAL TERM
Topical term or geographic name entry element Environmental law.
Source of heading or term fast
Authority record control number or standard number (OCoLC)fst00913122
650 #7 - SUBJECT ADDED ENTRY--TOPICAL TERM
Topical term or geographic name entry element Environmental law, International.
Source of heading or term fast
Authority record control number or standard number (OCoLC)fst00913170
650 17 - SUBJECT ADDED ENTRY--TOPICAL TERM
Topical term or geographic name entry element Internationaal milieurecht.
Source of heading or term gtt
650 #7 - SUBJECT ADDED ENTRY--TOPICAL TERM
Topical term or geographic name entry element Environmental law, International
Form subdivision Periodicals.
Source of heading or term nli
651 1# - SUBJECT ADDED ENTRY--GEOGRAPHIC NAME
Source of heading or term qrmak
655 #0 - INDEX TERM--GENRE/FORM
Genre/form data or focus term Electronic journals.
655 #7 - INDEX TERM--GENRE/FORM
Genre/form data or focus term yearbooks.
Source of term aat
655 #7 - INDEX TERM--GENRE/FORM
Genre/form data or focus term Yearbooks.
Source of term fast
Authority record control number or standard number (OCoLC)fst01424368
655 #7 - INDEX TERM--GENRE/FORM
Genre/form data or focus term Periodicals.
Source of term fast
Authority record control number or standard number (OCoLC)fst01411641
655 #7 - INDEX TERM--GENRE/FORM
Genre/form data or focus term Yearbook.
Source of term gtlm
655 #7 - INDEX TERM--GENRE/FORM
Genre/form data or focus term Yearbooks.
Source of term lcgft
655 #7 - INDEX TERM--GENRE/FORM
Genre/form data or focus term Annuaires.
Source of term rvmgf
700 1# - ADDED ENTRY--PERSONAL NAME
Personal name Handl, Günther.
776 08 - ADDITIONAL PHYSICAL FORM ENTRY
Relationship information Online version:
Title Yearbook of international environmental law
Record control number (OCoLC)607583395
856 40 - ELECTRONIC LOCATION AND ACCESS
Uniform Resource Identifier <a href="https://fll.law.cu.edu.eg/fulltext/bks/B11-05888.pdf">https://fll.law.cu.edu.eg/fulltext/bks/B11-05888.pdf</a>
905 ## - Cataloger and Reviser Names
Cataloger Name: Nermin
906 ## - LOCAL DATA ELEMENT F, LDF (RLIN)
a 7
b cbc
c serials
d 2
e ncip
f 19
g n-oclcserc
942 ## - ADDED ENTRY ELEMENTS (KOHA)
Source of classification or shelving scheme Dewey Decimal Classification
Koha item type Books
Edition 21
Suppress in OPAC No
Holdings
Withdrawn status Lost status Source of classification or shelving scheme Materials specified (bound volume or other part) Damaged status Not for loan Collection Home library Current library Date acquired Total checkouts Full call number Barcode Date last seen Copy number Price effective from Koha item type
    Dewey Decimal Classification V5   Not for loan القانون الدولي العام جــــامعة القــاهرة مكتبة كلية الحقوق - المبنى الرئيسي 13.04.2026   Law1 11 341.762 H A . Y 1995 1105888 V5 C1 B11-05888 13.04.2026 1 13.04.2026 Books

© All rights reserved — Faculty of Law, Cairo University